| 000 | 00843nam a22002777a 4500 | ||
|---|---|---|---|
| 001 | 9783 | ||
| 003 | FISKH | ||
| 005 | 20260224103453.0 | ||
| 008 | 260224b cb ||||| |||| 00| 0 eng d | ||
| 020 | _a1880892588 | ||
| 040 |
_aFISKH _beng _cFISKH _dFISKH |
||
| 082 | _a813.6 | ||
| 100 | _aNichols , Yuriko | ||
| 245 |
_aMy dog , Ike / _cwritten by Yuriko Nichols : Illustrated by Ron Wheeler |
||
| 260 |
_aMelrose , FL : _bCommon Sense Press , _c1998 . |
||
| 300 |
_a10 pages : _billustrations ; _c14 X 21 cm . |
||
| 490 |
_along Vowel Reader _vBook 5 |
||
| 505 | _aC | ||
| 520 | _aThe story is about a dog named Ike and his daily activities. | ||
| 521 | 8 |
_a100
_bLexile |
|
| 521 | 8 |
_aC
_bRaz-Plus |
|
| 650 | _a1st Level Reader | ||
| 700 |
_aWheeler , Ron _eIllustrator |
||
| 942 |
_2ddc _cBK _n0 |
||
| 999 |
_c9783 _d9783 |
||